000 00735 a2200217 4500
010 _aENG-89893
020 _a8180901408
_c450.00
035 _aEN-73426
037 _bDBAD / PUB
082 1 4 _a230
090 _c11957
_d11957
100 1 _aPadfield, J.E.
245 1 _aThe Hindu at home:
_cby J.E. Padfield
_b(Hindu acarakandam)/
250 _arev. ed
260 _aDelhi
_bBharatiya Kala Prakashan
_c2007
270 _a3421-A, IInd Floor, Narang Colony, Tri Nagar
_bDelhi
_cDelhi
_e110035
_k27393083, 30967505
300 _avii, 277p.
_c21 cm. (Hb)
500 _aIncludes glossary & index
942 _adpl
_cEN
_k230 / PAD
999 _c11603
_d11603